Handbook of engineering fundamentals, (Record no. 550428)

000 -LEADER
fixed length control field 00535cam a22001691 4500
082 00 - DEWEY DECIMAL CLASSIFICATION NUMBER
Classification number 620
Author Mark HAN
-- L-21, P-14
100 1# - MAIN ENTRY--PERSONAL NAME
Personal name Eshbach, Ovid W.
9 (RLIN) 47138
245 10 - TITLE STATEMENT
Title Handbook of engineering fundamentals,
Statement of responsibility, etc. prepared by a staff of specialists.
250 ## - EDITION STATEMENT
Edition statement 2d ed.
260 ## - PUBLICATION, DISTRIBUTION, ETC.
Place of publication, distribution, etc. New York,
Name of publisher, distributor, etc. Wiley
Date of publication, distribution, etc. [1952]
300 ## - PHYSICAL DESCRIPTION
Extent 1 v.
Other physical details illus.
Dimensions 22 cm.
490 0# - SERIES STATEMENT
Series statement Wiley engineering handbook series
526 ## - STUDY PROGRAM INFORMATION NOTE
Program name 0
Interest level 0
Reading level 0
Title point value 620_000000000000000_HAN
650 #0 - SUBJECT ADDED ENTRY--TOPICAL TERM
Topical term or geographic name entry element Engineering
General subdivision Handbooks, manuals, etc.
9 (RLIN) 47139
650 #0 - SUBJECT ADDED ENTRY--TOPICAL TERM
Topical term or geographic name entry element MCE
9 (RLIN) 379
942 ## - ADDED ENTRY ELEMENTS (KOHA)
Source of classification or shelving scheme
Koha item type Book
Holdings
Withdrawn status Lost status Source of classification or shelving scheme Damaged status Not for loan Permanent Location Current Location Date acquired Total Checkouts Full call number Barcode Date last seen Price effective from Koha item type
          Military College of Engineering (MCE) Military College of Engineering (MCE) 11/10/2014   620 HAN MCE-28999 11/10/2014 11/10/2014 Book
© 2023 Central Library, National University of Sciences and Technology. All Rights Reserved.